000 00762nam a2200229 a 4500
005 20260326064046.0
008 991125s1989 mx 000 0 spa u
020 _a9682310806
035 _aUPN01000001374
049 _aCG
050 4 _aHD8114
_bC4.3 no.17 1989
100 1 _aMaciel, David,
_d1943-
_931688
245 1 0 _aAl norte del Río Bravo :
_bpasado inmediato : 1930-1981 /
_cDavid Maciel.
250 _a3a ed.
260 _aMéxico :
_bSiglo XXI :
_bUNAM, Instituto de Investigaciones Sociales,
_c1989.
300 _a234 p.
440 3 _aLa clase obrera en la historia de México ;
_v17
650 4 _aTrabajo y trabajadores
_zMéxico
_xHistoria
_910850
650 4 _aSindicalismo
_zMéxico
_921411
650 4 _aTRABAJO MIGRATORIO
_92264
905 _aLibro
999 _c1374
_d1374